| 000 | 01183cam a2200325 a 4500 | ||
|---|---|---|---|
| 001 | 15210174 | ||
| 005 | 20080722082913.0 | ||
| 008 | 080307s2008 inua 001 0 eng | ||
| 010 | _a 2008010864 | ||
| 015 |
_aGBA825214 _2bnb |
||
| 016 | 7 |
_a014537041 _2Uk |
|
| 020 | _a067233013X | ||
| 020 | _a9780672330131 | ||
| 035 | _a(OCoLC)ocn213111619 | ||
| 035 | _a(OCoLC)213111619 | ||
| 040 |
_aDLC _cDLC _dUKM _dYDXCP _dBAKER _dC#P _dDLC |
||
| 050 | 0 | 0 |
_aQA76.76.O63 _bM398175 2008 |
| 082 | 0 | 0 |
_a005.446 _222 _bMCF |
| 100 | 1 |
_aMcFedries, Paul. _94511 |
|
| 245 | 1 | 0 |
_aMicrosoft Windows Vista unleashed / _cPaul McFedries. |
| 250 | _a2nd ed. | ||
| 260 |
_aIndianapolis, Ind. : _bSams, _cc2008. |
||
| 300 |
_axxxi, 805 p. : _bill. ; _c24 cm. |
||
| 500 | _aIncludes index. | ||
| 630 | 0 | 0 |
_aMicrosoft Windows (Computer file) _94512 |
| 650 | 0 |
_aOperating systems (Computers) _94513 |
|
| 942 |
_2ddc _cBB |
||
| 999 |
_c11473 _d11473 |
||